Reading the Qur'an : (Record no. 14547)
[ view plain ]
| 000 -LEADER | |
|---|---|
| fixed length control field | 01168cam a2200301 a 4500 |
| 001 - CONTROL NUMBER | |
| control field | 16666618 |
| 005 - DATE AND TIME OF LATEST TRANSACTION | |
| control field | 20170105102857.0 |
| 008 - FIXED-LENGTH DATA ELEMENTS--GENERAL INFORMATION | |
| fixed length control field | 110225s2011 enk b 001 0 eng |
| 010 ## - LIBRARY OF CONGRESS CONTROL NUMBER | |
| LC control number | 2011008721 |
| 020 ## - INTERNATIONAL STANDARD BOOK NUMBER | |
| International Standard Book Number | 9780199836741 (hbk. : acidfree paper) |
| 020 ## - INTERNATIONAL STANDARD BOOK NUMBER | |
| International Standard Book Number | 0199836744 (hbk. : acidfree paper) |
| 035 ## - SYSTEM CONTROL NUMBER | |
| System control number | (OCoLC)ocn705351956 |
| 040 ## - CATALOGING SOURCE | |
| Original cataloging agency | DLC |
| Transcribing agency | DLC |
| Modifying agency | IG# |
| -- | CDX |
| -- | ABG |
| -- | VP@ |
| -- | MIX |
| -- | DLC |
| 050 00 - LIBRARY OF CONGRESS CALL NUMBER | |
| Classification number | BP130.4 |
| Item number | .S376 2011 |
| 082 00 - DEWEY DECIMAL CLASSIFICATION NUMBER | |
| Classification number | 297.1/226 |
| Edition number | 22 |
| 100 0# - MAIN ENTRY--PERSONAL NAME | |
| Personal name | Ziauddin Sardar. |
| 245 10 - TITLE STATEMENT | |
| Title | Reading the Qur'an : |
| Remainder of title | the contemporary relevance of the sacred text of Islam / |
| Statement of responsibility, etc. | Ziauddin Sardar. |
| 260 ## - PUBLICATION, DISTRIBUTION, ETC. | |
| Place of publication, distribution, etc. | Oxford ; |
| -- | London : |
| Name of publisher, distributor, etc. | Hurst and company, |
| Date of publication, distribution, etc. | c2011. |
| 300 ## - PHYSICAL DESCRIPTION | |
| Extent | xxii, 406 p. ; |
| Dimensions | 25 cm. |
| 504 ## - BIBLIOGRAPHY, ETC. NOTE | |
| Bibliography, etc. note | Includes bibliographical references (p. 387-392) and index. |
| 505 0# - FORMATTED CONTENTS NOTE | |
| Formatted contents note | Overview -- By way of tradition -- Themes and concepts -- Contemporary topics. |
| 630 00 - SUBJECT ADDED ENTRY--UNIFORM TITLE | |
| Uniform title | Qurʼan |
| General subdivision | Criticism, interpretation, etc. |
| 630 00 - SUBJECT ADDED ENTRY--UNIFORM TITLE | |
| Uniform title | Qurʼan |
| General subdivision | Appreciation. |
| 630 00 - SUBJECT ADDED ENTRY--UNIFORM TITLE | |
| Uniform title | Qurʼan |
| General subdivision | Reading. |
| 906 ## - LOCAL DATA ELEMENT F, LDF (RLIN) | |
| a | 7 |
| b | cbc |
| c | orignew |
| d | 1 |
| e | ecip |
| f | 20 |
| g | y-gencatlg |
| 942 ## - ADDED ENTRY ELEMENTS (KOHA) | |
| Source of classification or shelving scheme | |
| Koha item type | Book |
| Withdrawn status | Lost status | Damaged status | Not for loan | Collection code | Permanent Location | Current Location | Shelving location | Date acquired | Total Checkouts | Full call number | Barcode | Date last seen | Price effective from | Koha item type |
|---|---|---|---|---|---|---|---|---|---|---|---|---|---|---|
| Centre for International Peace & Stability (CIPS) | Centre for International Peace & Stability (CIPS) | General Stacks | 09/10/2013 | 297.1226 ZIA 2011 | CIPS0000942 | 09/12/2013 | 09/12/2013 | Book |
